Don Cosme Parpal y Marqués (Record no. 135573)

MARC details
000 -LEADER
campo de control de longitud fija 00662nam a2200169 i 4500
001 - NÚMERO DE CONTROL
campo de control 135573
003 - IDENTIFICADOR DE NÚMERO DE CONTROL
campo de control ES-MaACL
005 - FECHA Y HORA DE LA ÚLTIMA TRANSACCIÓN
campo de control 20230906194916.0
007 - CAMPO FIJO DE DESCRIPCIÓN FÍSICA--INFORMACIÓN GENERAL
campo de control de longitud fija t|
008 - DATOS DE LONGITUD FIJA--INFORMACIÓN GENERAL
campo de control de longitud fija 070719s1926 sp ||||1| spa d
100 1# - ENTRADA PRINCIPAL--NOMBRE DE PERSONA
Nombre de persona Torre y del Cerro, Antonio de la.
9 (RLIN) 110794
245 10 - MENCIÓN DEL TÍTULO
Título Don Cosme Parpal y Marqués
Resto del título : discurso leído en la sesión necrológica celebrada por la Real Academia de Buenas Letras de Barcelona el 28 de febrero de 1926 /
Mención de responsabilidad, etc. Antonio de la Torre y del Cerro.
260 ## - PUBLICACIÓN, DISTRIBUCIÓN, ETC.
Lugar de publicación, distribución, etc. Barcelona :
Nombre del editor, distribuidor, etc. [Imp. de la Casa provincial de Caridad],
Fecha de publicación, distribución, etc. 1926.
300 ## - DESCRIPCIÓN FÍSICA
Extensión 56 p. ;
Dimensiones 26 cm.
700 1# - ENTRADA AGREGADA--NOMBRE PERSONAL
Nombre de persona Parpal y Marqués, Cosme.
9 (RLIN) 89218
852 ## - LOCALIZACIÓN
Ubicación ES-MaACL
Número de control de estantería 1707-F-5
Holdings
Estatus retirado Estado de pérdida Estado de daño No para préstamo Colección Biblioteca de origen Biblioteca actual Ubicación en estantería Fecha de adquisición Fuente de adquisición Total de préstamos Signatura topográfica completa Código de barras Visto por última vez Precio de reemplazo Tipo de ítem Koha
        Colección de folletos Biblioteca del Ateneo de Madrid Biblioteca del Ateneo de Madrid Depósito folletos 17/01/2008     1707-F-5 1141100 23/02/2023 23/02/2023 Folleto